[Event "ENCI Limburg-open B"]
[Site "Maastricht"]
[Date "2009.05.29"]
[Round "1"]
[White "Staudte, Rainer"]
[Black "Hendriks, Nicklas"]
[Result "1-0"]
[WhiteElo "1855"]
[BlackElo "1650"]
[PlyCount "97"]
[EventDate "2009.05.29"]
[EventType "swiss"]
[EventRounds "7"]
[EventCountry "NED"]
[Source "P.Boonen"]
[SourceDate "2010.01.01"]

1. d4 d5 2. c4 Nc6 3. Nf3 Bf5 4. a3 Nf6 5. Nc3 e6 6. Bg5 h6 7. Bh4 dxc4 8. e3
Be7 9. Bxc4 Qd7 10. O-O O-O 11. b4 Rfd8 12. Qb3 Qe8 13. Bb5 a6 14. Bxc6 Qxc6
15. Rac1 Rac8 16. Ne5 Qb6 17. Nc4 Qc6 18. Na5 Qb6 19. Na4 Qb5 20. Bg3 Ne4 21.
Rfd1 Nxg3 22. hxg3 Bg4 23. Rd2 e5 24. Nc3 Qb6 25. Nc4 Qe6 26. d5 Qg6 27. Nxe5
Qf5 28. Nxg4 Qxg4 29. Qd1 Qg6 30. Qc2 Qg5 31. Rcd1 h5 32. Qe4 a5 33. Qc4 axb4
34. axb4 Qh6 35. b5 Qb6 36. e4 h4 37. gxh4 Bxh4 38. e5 Bg5 39. Rd3 Re8 40. Re1
Qh6 41. Rh3 Qb6 42. Qg4 Bd2 43. Qh5 Bh6 44. Rf3 Rf8 45. Re4 Ra8 46. Rg4 Ra1+
47. Kh2 Rf1 48. Ne4 Kh8 49. Rf6 1-0

[Event "ENCI Limburg-open B"]
[Site "Maastricht"]
[Date "2009.05.29"]
[Round "1"]
[White "Taverniers, Peter"]
[Black "Willen, Ronny"]
[Result "1-0"]
[WhiteElo "1792"]
[BlackElo "1903"]
[PlyCount "117"]
[EventDate "2009.05.29"]
[EventType "swiss"]
[EventRounds "7"]
[EventCountry "NED"]
[Source "P.Boonen"]
[SourceDate "2010.01.01"]

1. c4 e5 2. Nc3 Nc6 3. g3 g6 4. Bg2 Bg7 5. d3 d6 6. Nf3 Nf6 7. O-O O-O 8. Rb1
h6 9. b4 Rb8 10. b5 Ne7 11. a4 Nd7 12. Ne1 f5 13. Nd5 Nc5 14. f4 Be6 15. Nxe7+
Qxe7 16. Nf3 e4 17. Nh4 Kh7 18. d4 Nd7 19. d5 Bg8 20. Bb2 Nc5 21. Bxg7 Qxg7 22.
e3 Rf6 23. Bh3 Rbf8 24. g4 fxg4 25. Qxg4 g5 26. fxg5 Rxf1+ 27. Rxf1 Rxf1+ 28.
Kxf1 Qxg5 29. Qxg5 hxg5 30. Bf5+ Kg7 31. Ng2 Bh7 32. Bc8 b6 33. Ne1 Nxa4 34.
Nc2 Nb2 35. Na3 Kf6 36. Kf2 Bg6 37. Bg4 Ke5 38. Kg3 Bf5 39. Be2 Bc8 40. h4
gxh4+ 41. Kxh4 Kf6 42. Bg4 Bxg4 43. Kxg4 Ke5 44. Kg5 Nd3 45. Nc2 Nc5 46. Nb4
Ne6+ 47. dxe6 Kxe6 48. Kf4 Kd7 49. Kxe4 Ke6 50. Nc6 Kd7 51. Nxa7 c5 52. Kd5 Kc7
53. Ke6 Kb7 54. Nc6 Ka8 55. Kd5 Kb7 56. Kxd6 Ka8 57. e4 Kb7 58. e5 Ka8 59. e6
1-0

[Event "ENCI Limburg-open B"]
[Site "Maastricht"]
[Date "2009.05.29"]
[Round "1"]
[White "Van den Born, Ico"]
[Black "Spoelstra, Henri"]
[Result "1/2-1/2"]
[WhiteElo "1876"]
[BlackElo "1717"]
[PlyCount "103"]
[EventDate "2009.05.29"]
[EventType "swiss"]
[EventRounds "7"]
[EventCountry "NED"]
[Source "P.Boonen"]
[SourceDate "2010.01.01"]

1. c4 Nf6 2. Nc3 g6 3. e4 d6 4. d4 Bg7 5. Nf3 c6 6. Be2 Qc7 7. O-O O-O 8. h3
Nbd7 9. Be3 a6 10. b4 c5 11. bxc5 dxc5 12. e5 Ne8 13. Nd5 Qd8 14. dxc5 Nxe5 15.
Rc1 Bd7 16. Nb6 Bc6 17. Nxa8 Qxa8 18. Nxe5 Bxe5 19. Bf3 Qc8 20. Bxc6 Qxc6 21.
Qd5 Qc7 22. Rb1 Nf6 23. Qxb7 Qa5 24. Qb3 Ne4 25. Rbd1 Rb8 26. Qc2 f5 27. Bd4
Bxd4 28. Rxd4 Qxc5 29. Rd5 Qa3 30. Rb1 Rxb1+ 31. Qxb1 Nc3 32. Rd8+ Kf7 33. Qb8
Qc1+ 34. Kh2 Ne2 35. Rf8+ Kg7 36. Qe5+ Kxf8 37. Qxe2 Qf4+ 38. g3 Qd4 39. Qc2
Qc5 40. Kg2 a5 41. Qc3 h5 42. h4 Kf7 43. a4 Qc6+ 44. Kg1 Qxa4 45. c5 Qb4 46.
Qc1 Qb7 47. c6 Qc7 48. Qc4+ e6 49. Qb5 Ke7 50. Qc5+ Ke8 51. Qb5 Ke7 52. Qc5+
1/2-1/2

[Event "ENCI Limburg-open B"]
[Site "Maastricht"]
[Date "2009.05.29"]
[Round "1"]
[White "Von Meijenfeldt, Bart"]
[Black "Whitmire, James David"]
[Result "1-0"]
[WhiteElo "1984"]
[BlackElo "1831"]
[PlyCount "60"]
[EventDate "2009.05.29"]
[EventType "swiss"]
[EventRounds "7"]
[EventCountry "NED"]
[Source "P.Boonen"]
[SourceDate "2010.01.01"]

1. e4 c5 2. Nc3 Nc6 3. Bb5 g6 4. Bxc6 bxc6 5. f4 Bg7 6. d3 d6 7. Nf3 Bg4 8. O-O
e5 9. Qe1 Bxf3 10. Rxf3 Ne7 11. fxe5 Bxe5 12. Qh4 Ng8 13. Bg5 f6 14. Raf1 Kd7
15. Bf4 Bd4+ 16. Kh1 Qa5 17. Qg3 Qc7 18. Qh3+ Ke7 19. Ne2 Bxb2 20. c3 Rb8 21.
e5 dxe5 22. Bxe5 Qxe5 23. Re3 Qxe3 24. Qxe3+ Kf7 25. Qxc5 Ne7 26. Qc4+ Kg7 27.
Nf4 Rb5 28. Ne6+ Kh6 29. Qf4+ g5 30. Qxf6+ Ng6 1-0

[Event "ENCI Limburg-open B"]
[Site "Maastricht"]
[Date "2009.05.30"]
[Round "2"]
[White "Broekhuis, Jan"]
[Black "Hoelting, Siegfried"]
[Result "0-1"]
[WhiteElo "1890"]
[BlackElo "1780"]
[PlyCount "46"]
[EventDate "2009.05.29"]
[EventType "swiss"]
[EventRounds "7"]
[EventCountry "NED"]
[Source "P.Boonen"]
[SourceDate "2010.01.01"]

1. e4 e5 2. Nf3 Nc6 3. Bb5 Nf6 4. O-O Nxe4 5. Qe2 Nd6 6. Bxc6 dxc6 7. Qxe5+ Be6
8. Ng5 Nc4 9. Nxe6 Nxe5 10. Nxd8 Kxd8 11. d4 Ng6 12. c4 Kd7 13. a3 Be7 14. Nc3
Bf6 15. Be3 Nh4 16. Rad1 Rhe8 17. Rd3 Nf5 18. Rfd1 Nxe3 19. fxe3 Rad8 20. Kf2
Kc8 21. Kf3 b6 22. b4 Be7 23. c5 f5 {.....} 0-1

[Event "ENCI Limburg-open B"]
[Site "Maastricht"]
[Date "2009.05.30"]
[Round "2"]
[White "Camps, Jeroen"]
[Black "Corvers, John"]
[Result "0-1"]
[WhiteElo "1740"]
[BlackElo "1854"]
[PlyCount "82"]
[EventDate "2009.05.29"]
[EventType "swiss"]
[EventRounds "7"]
[EventCountry "NED"]
[Source "P.Boonen"]
[SourceDate "2010.01.01"]

1. e4 c5 2. c3 e6 3. d4 d5 4. exd5 exd5 5. Be3 c4 6. b3 b5 7. g3 Nf6 8. Bg2 Bb7
9. Ne2 Nbd7 10. O-O Be7 11. Nd2 Nb6 12. Qc2 O-O 13. Rfe1 Re8 14. Nf1 Bc6 15.
Bd2 h6 16. Ne3 g6 17. Nf4 Kh7 18. h4 Bd6 19. Nh3 Qd7 20. Kh2 Rad8 21. Ng1 Ng4+
22. Nxg4 Qxg4 23. Kh1 Qc8 24. Be3 Bd7 25. Qd2 Bf8 26. Nf3 Bf5 27. Ne5 f6 28.
Nf7 Rd7 29. Nxh6 Rxe3 30. Rxe3 Bxh6 31. f4 Qc7 32. Bf3 Nc8 33. Rae1 Kg7 34. Qg2
Qd6 35. Re8 Re7 36. Bxd5 Qd7 37. Bc6 Qxe8 38. Bxe8 Rxe1+ 39. Kh2 Be4 40. Qg1
Rxg1 41. Kxg1 Nd6 0-1

[Event "ENCI Limburg-open B"]
[Site "Maastricht"]
[Date "2009.05.30"]
[Round "2"]
[White "Carcan, Stephane"]
[Black "Van Steenkiste, Luc"]
[Result "1/2-1/2"]
[WhiteElo "2022"]
[BlackElo "1827"]
[PlyCount "80"]
[EventDate "2009.05.29"]
[EventType "swiss"]
[EventRounds "7"]
[EventCountry "NED"]
[Source "P.Boonen"]
[SourceDate "2010.01.01"]

1. g3 f5 2. Nf3 d6 3. d4 g6 4. Bg2 Bg7 5. O-O Nf6 6. Nbd2 O-O 7. c3 Nc6 8. Re1
e5 9. dxe5 dxe5 10. Qb3+ Kh8 11. e4 f4 12. Ng5 Qe7 13. Bh3 Bxh3 14. Nxh3 fxg3
15. hxg3 Ng4 16. Nf1 Nd8 17. Ne3 h5 18. Nd5 Qf7 19. Rf1 c6 20. Ne3 Qf6 21. Qd1
Nh6 22. Ng2 Ne6 23. Be3 Ng4 24. Qe2 b6 25. Rad1 Rad8 26. Rxd8 Rxd8 27. Rd1 Bf8
28. Rxd8 Qxd8 29. Qd2 Qxd2 30. Bxd2 Bh6 31. Bxh6 Nxh6 32. f3 Nc5 33. Ne3 Nf7
34. Kf1 Na4 35. Nd1 Nc5 36. Ke2 a5 37. b3 b5 38. Nhf2 Kg7 39. Ne3 a4 40. b4 Ne6
1/2-1/2

[Event "ENCI Limburg-open B"]
[Site "Maastricht"]
[Date "2009.05.30"]
[Round "2"]
[White "Coenen, Bert"]
[Black "Kloppenburg, Geert"]
[Result "1-0"]
[WhiteElo "1782"]
[BlackElo "1915"]
[PlyCount "107"]
[EventDate "2009.05.29"]
[EventType "swiss"]
[EventRounds "7"]
[EventCountry "NED"]
[Source "P.Boonen"]
[SourceDate "2010.01.01"]

1. d4 d5 2. Bg5 c6 3. e3 Qb6 4. Qc1 Nf6 5. Bxf6 exf6 6. Bd3 Bg4 7. Nd2 Bd6 8.
Ngf3 Nd7 9. c4 Bb4 10. c5 Bxd2+ 11. Qxd2 Qc7 12. Nh4 g6 13. h3 Be6 14. b4 b6
15. O-O O-O 16. f4 f5 17. Nf3 Rfe8 18. Rfc1 f6 19. a4 Re7 20. Ra3 Rae8 21. Rac3
bxc5 22. dxc5 Nb8 23. Nd4 Bd7 24. Be2 Kg7 25. Rb3 a6 26. Bf3 Qa7 27. Rcc3 Qc7
28. b5 axb5 29. axb5 cxb5 30. Bxd5 Nc6 31. Nxb5 Qa5 32. Nd6 Ra8 33. Rb7 Ra7 34.
Rxd7 Raxd7 35. Bxc6 Ra7 36. Nc8 Rec7 37. Nxa7 Qxa7 38. Bf3 Rxc5 39. Rd3 Rc7 40.
Kh2 Re7 41. Bc6 Qc5 42. Rd7 Kh6 43. Rxe7 Qxe7 44. Qd4 Qg7 45. g4 fxg4 46. hxg4
Qe7 47. Kg3 g5 48. fxg5+ fxg5 49. Bf3 Qc7+ 50. Kh3 Qf7 51. Qd6+ Kg7 52. Qe5+
Kh6 53. Qf5 Qe7 54. e4 1-0

[Event "ENCI Limburg-open B"]
[Site "Maastricht"]
[Date "2009.05.30"]
[Round "2"]
[White "Cox, Jan"]
[Black "Schilperoort, Jeroen"]
[Result "0-1"]
[WhiteElo "1771"]
[BlackElo "1926"]
[PlyCount "44"]
[EventDate "2009.05.29"]
[EventType "swiss"]
[EventRounds "7"]
[EventCountry "NED"]
[Source "P.Boonen"]
[SourceDate "2010.01.01"]

1. e4 Nc6 2. d4 d5 3. exd5 Qxd5 4. Nf3 e5 5. c4 Bb4+ 6. Bd2 Qe4+ 7. Be2 exd4 8.
Bxb4 Nxb4 9. O-O c5 10. Re1 Ne7 11. a3 Nbc6 12. Bd3 Qf4 13. Nbd2 O-O 14. Re4
Qd6 15. Rh4 f5 16. b4 b6 17. b5 Nd8 18. Qe2 Ng6 19. Rxh7 Nf4 20. Qd1 Kxh7 21.
Ng5+ Kg8 22. Qf3 Bb7 0-1

[Event "ENCI Limburg-open B"]
[Site "Maastricht"]
[Date "2009.05.30"]
[Round "2"]
[White "Dalemans, Diana"]
[Black "Laarhoven, Marcel"]
[Result "1-0"]
[WhiteElo "1852"]
[BlackElo "1872"]
[PlyCount "79"]
[EventDate "2009.05.29"]
[EventType "swiss"]
[EventRounds "7"]
[EventCountry "NED"]
[Source "P.Boonen"]
[SourceDate "2010.01.01"]

1. e4 c6 2. d4 d5 3. Nc3 dxe4 4. Nxe4 Bf5 5. Ng3 Bg6 6. h4 h6 7. Nf3 Nd7 8. h5
Bh7 9. Bd3 Bxd3 10. Qxd3 e6 11. Bd2 Qc7 12. c4 Ngf6 13. O-O-O a5 14. Kb1 Bd6
15. Ne2 e5 16. Rhe1 O-O 17. Ng3 exd4 18. Nxd4 Bxg3 19. fxg3 Nxh5 20. g4 Nf4 21.
Qf3 Ng6 22. g5 Nde5 23. Qg3 h5 24. Nf3 Rfe8 25. Bc3 h4 26. Qh2 f6 27. gxf6 gxf6
28. Re4 Rad8 29. Rde1 Qd7 30. Nxe5 fxe5 31. a3 Qf5 32. Ka2 Rd1 33. g4 hxg3 34.
Qxg3 Rxe1 35. Rxe1 Kf7 36. Bxa5 Qf4 37. Qd3 Qd4 38. Qb3 Re7 39. Rd1 Qe4 40. Bd8
1-0

[Event "ENCI Limburg-open B"]
[Site "Maastricht"]
[Date "2009.05.30"]
[Round "2"]
[White "De Freytas, Paul"]
[Black "Bitalzadeh, Mahsa"]
[Result "0-1"]
[WhiteElo "1896"]
[BlackElo "1761"]
[PlyCount "98"]
[EventDate "2009.05.29"]
[EventType "swiss"]
[EventRounds "7"]
[EventCountry "NED"]
[Source "P.Boonen"]
[SourceDate "2010.01.01"]

1. g3 d5 2. c4 c6 3. Nf3 Nf6 4. Bg2 Nbd7 5. cxd5 cxd5 6. O-O e5 7. d3 Bd6 8. a3
O-O 9. Re1 Qb6 10. e3 Re8 11. Nc3 Nb8 12. b4 a6 13. Bb2 h6 14. Rc1 Nc6 15. Qc2
a5 16. b5 Nb8 17. a4 Be6 18. Red1 Nbd7 19. Ne2 g5 20. d4 e4 21. Ne5 Bg4 22.
Nxg4 Nxg4 23. Qb3 Bb4 24. Qxd5 Qf6 25. Rf1 Nb6 26. Qb3 Qd6 27. Nc3 Nf6 28. Na2
Nfd5 29. Rc2 Kh7 30. Rfc1 f5 31. Bf1 f4 32. Nxb4 Qxb4 33. Rc7+ Kh8 34. Qxb4
axb4 35. Rxb7 Nxa4 36. Rc6 Ne7 37. Rxh6+ Kg7 38. Re6 Nxb2 39. Rexe7+ Rxe7 40.
Rxe7+ Kf6 41. Rxe4 f3 42. d5 Ra1 43. Rxb4 Nd3 44. Rc4 Nc1 45. h4 Ne2+ 46. Kh2
Rxf1 47. hxg5+ Kxg5 48. g4 Rxf2+ 49. Kh3 Ng1+ 0-1

[Event "ENCI Limburg-open B"]
[Site "Maastricht"]
[Date "2009.05.30"]
[Round "2"]
[White "De Wit, Albert"]
[Black "Sewalt, Vincent"]
[Result "1-0"]
[WhiteElo "1792"]
[BlackElo "1954"]
[PlyCount "63"]
[EventDate "2009.05.29"]
[EventType "swiss"]
[EventRounds "7"]
[EventCountry "NED"]
[Source "P.Boonen"]
[SourceDate "2010.01.01"]

1. e4 c5 2. Ne2 Nc6 3. d3 d6 4. g3 g6 5. Bg2 Bg7 6. O-O e6 7. c3 Nge7 8. Be3
O-O 9. Qd2 Re8 10. Na3 Rb8 11. d4 b6 12. Rfd1 Bb7 13. dxc5 dxc5 14. Qc2 Qc8 15.
Nb5 Rd8 16. Nd6 Qc7 17. Nb5 Qc8 18. Rxd8+ Qxd8 19. Rd1 Qf8 20. Qa4 Rd8 21. Nd6
Ba8 22. Rd2 Nc8 23. Nxc8 Rxd2 24. Bxd2 Qxc8 25. Nf4 Qd8 26. Be3 a5 27. h3 Ne5
28. Qb5 Bc6 29. Qa6 Qd1+ 30. Kh2 Nf3+ 31. Bxf3 Qxf3 32. Qc8+ 1-0

[Event "ENCI Limburg-open B"]
[Site "Maastricht"]
[Date "2009.05.30"]
[Round "2"]
[White "Ekat, Michael"]
[Black "Vandersmissen, Hans"]
[Result "1-0"]
[WhiteElo "1930"]
[BlackElo "1792"]
[PlyCount "41"]
[EventDate "2009.05.29"]
[EventType "swiss"]
[EventRounds "7"]
[EventCountry "NED"]
[Source "P.Boonen"]
[SourceDate "2010.01.01"]

1. e4 d5 2. Nc3 d4 3. Nce2 e5 4. d3 f6 5. f4 Nc6 6. Ng3 Bb4+ 7. Bd2 Bxd2+ 8.
Qxd2 Nge7 9. Nf3 Qd6 10. fxe5 Nxe5 11. Be2 Ng4 12. O-O Ng6 13. Rfe1 Nf4 14. e5
fxe5 15. Nxe5 Ne3 16. Nc4 Qd5 17. Nxe3 dxe3 18. Qxe3+ Ne6 19. Bg4 O-O 20. Bxe6+
Bxe6 21. Qxe6+ 1-0

[Event "ENCI Limburg-open B"]
[Site "Maastricht"]
[Date "2009.05.30"]
[Round "2"]
[White "Geboers, Jimmy"]
[Black "Staudte, Rainer"]
[Result "0-1"]
[WhiteElo "1950"]
[BlackElo "1855"]
[PlyCount "102"]
[EventDate "2009.05.29"]
[EventType "swiss"]
[EventRounds "7"]
[EventCountry "NED"]
[Source "P.Boonen"]
[SourceDate "2010.01.01"]

1. d4 Nf6 2. c4 e6 3. Nc3 d5 4. e3 c5 5. Nf3 Nc6 6. a3 Ne4 7. cxd5 Nxc3 8. bxc3
exd5 9. c4 Bg4 10. Bb2 cxd4 11. exd4 Qa5+ 12. Qd2 Qxd2+ 13. Nxd2 O-O-O 14. f3
Be6 15. O-O-O g6 16. c5 Bg7 17. Nb3 Bh6+ 18. Kc2 Bf5+ 19. Bd3 Bxd3+ 20. Kxd3
Rhe8 21. Rhe1 Kd7 22. Bc3 Rxe1 23. Rxe1 Re8 24. Rxe8 Kxe8 25. Na5 Nxa5 26. Bxa5
Kd7 27. Bd2 Bf8 28. Bb4 Kc6 29. Kc3 Bh6 30. a4 Bf4 31. h3 h5 32. Kd3 Kd7 33.
Bd2 Bc7 34. g4 Ke6 35. f4 f5 36. gxh5 gxh5 37. Kc3 Bd8 38. Kb4 Bh4 39. Be3 Be1+
40. Kb5 Kd7 41. a5 Kc7 42. a6 bxa6+ 43. Kxa6 Kc6 44. Kxa7 Ba5 45. Kb8 Bc7+ 46.
Kc8 Ba5 47. Bf2 Bd2 48. Kd8 Bxf4 49. Ke7 Bd2 50. Kf6 f4 51. Kg5 Be3 0-1

[Event "ENCI Limburg-open B"]
[Site "Maastricht"]
[Date "2009.05.30"]
[Round "2"]
[White "Goes, Dirk"]
[Black "Debusschere, Helmuth"]
[Result "1-0"]
[WhiteElo "1973"]
[BlackElo "1824"]
[PlyCount "87"]
[EventDate "2009.05.29"]
[EventType "swiss"]
[EventRounds "7"]
[EventCountry "NED"]
[Source "P.Boonen"]
[SourceDate "2010.01.01"]

1. d4 c5 2. d5 Nf6 3. c4 b5 4. Nc3 b4 5. Nb1 Bb7 6. Qd3 g6 7. b3 Bg7 8. Bb2 O-O
9. Nd2 d6 10. e4 a5 11. Rd1 a4 12. Qb1 axb3 13. axb3 Nbd7 14. Be2 Qc7 15. Nh3
Bc8 16. f3 Ra6 17. Nf2 Bh6 18. O-O Nb6 19. g3 Bd7 20. f4 Rfa8 21. Qd3 Ra2 22.
Rb1 Bg7 23. Nd1 Bh3 24. Re1 R8a6 25. Bf3 Bg4 26. Re2 h5 27. Bxg4 hxg4 28. Nf1
Qc8 29. e5 dxe5 30. fxe5 Nh5 31. e6 f5 32. h3 Bxb2 33. Nxb2 Nf6 34. hxg4 Nxg4
35. d6 Qd8 36. d7 R2a4 37. Nh2 Nxh2 38. Kxh2 Ra8 39. Qe3 Kg7 40. Qe5+ Kg8 41.
Kg2 Qf8 42. Nd3 Qb8 43. d8=Q+ Qxd8 44. Rh1 1-0

[Event "ENCI Limburg-open B"]
[Site "Maastricht"]
[Date "2009.05.30"]
[Round "2"]
[White "Guelpen, Markus"]
[Black "Smeets, Wouter"]
[Result "1-0"]
[WhiteElo "2032"]
[BlackElo "1877"]
[PlyCount "61"]
[EventDate "2009.05.29"]
[EventType "swiss"]
[EventRounds "7"]
[EventCountry "NED"]
[Source "P.Boonen"]
[SourceDate "2010.01.01"]

1. e4 d5 2. exd5 Qxd5 3. Nf3 Bg4 4. Be2 Nc6 5. d4 O-O-O 6. c4 Qh5 7. Be3 e5 8.
d5 e4 9. Ng5 Bb4+ 10. Nc3 Bxc3+ 11. bxc3 Bxe2 12. Qxe2 Qxe2+ 13. Kxe2 Ne5 14.
Bd4 h6 15. Bxe5 hxg5 16. Bxg7 Rh7 17. Bd4 f5 18. g3 Rf8 19. h4 gxh4 20. Rh3 Ne7
21. Bc5 Rfh8 22. Bxe7 Rxe7 23. Ke3 Kd7 24. Rah1 Kd6 25. Kd4 b6 26. Rxh4 Rxh4
27. Rxh4 Re8 28. Rh6+ Kd7 29. Rf6 c5+ 30. Ke3 Re5 31. Rf7+ 1-0

[Event "ENCI Limburg-open B"]
[Site "Maastricht"]
[Date "2009.05.30"]
[Round "2"]
[White "Hauglustaine, Sander"]
[Black "Brecker, Hans Joerg"]
[Result "1-0"]
[WhiteElo "1667"]
[BlackElo "1893"]
[PlyCount "27"]
[EventDate "2009.05.29"]
[EventType "swiss"]
[EventRounds "7"]
[EventCountry "NED"]
[Source "P.Boonen"]
[SourceDate "2010.01.01"]

1. e4 d5 2. Nc3 d4 3. Nce2 e5 4. Ng3 Bd6 5. Bc4 Ne7 6. Nf3 O-O 7. d3 c5 8. Nh4
Qc7 9. Nhf5 Nxf5 10. Nxf5 Bxf5 11. exf5 Qc6 12. Qg4 b5 13. Bh6 g6 14. fxg6 1-0

[Event "ENCI Limburg-open B"]
[Site "Maastricht"]
[Date "2009.05.30"]
[Round "2"]
[White "Hesselmann, Hans"]
[Black "Moog, Gerhard"]
[Result "0-1"]
[WhiteElo "1870"]
[BlackElo "1794"]
[PlyCount "144"]
[EventDate "2009.05.29"]
[EventType "swiss"]
[EventRounds "7"]
[EventCountry "NED"]
[Source "P.Boonen"]
[SourceDate "2010.01.01"]

1. e4 d6 2. d4 Nf6 3. Bd3 e5 4. Nf3 Bg4 5. Be3 Be7 6. O-O O-O 7. Nbd2 c6 8. c3
Re8 9. h3 Bh5 10. Qb3 Qc7 11. Rac1 Nbd7 12. Rfe1 h6 13. a4 Bg6 14. Nh2 d5 15.
f3 Bd6 16. Ng4 exd4 17. Bxd4 Nh5 18. Bb1 Bg3 19. Rf1 Nf4 20. Qd1 h5 21. Nf2
Rad8 22. Nh1 Bh4 23. g3 Nxh3+ 24. Kg2 Nf4+ 25. gxf4 Qxf4 26. Bf2 Bg5 27. exd5
Bxb1 28. Rxb1 Qxd2 29. Qxd2 Bxd2 30. Rbd1 Bg5 31. dxc6 bxc6 32. Bxa7 Nf6 33.
Rxd8 Rxd8 34. a5 Ra8 35. Bb6 Nd5 36. c4 Nxb6 37. axb6 Be3 38. b7 Rb8 39. Re1
Bc5 40. Rb1 Rxb7 41. b3 Rd7 42. Rb2 f5 43. Ng3 g6 44. Ne2 Bb4 45. Nf4 Kf7 46.
Re2 Rd4 47. Ne6 Rd3 48. f4 Be7 49. c5 Rxb3 50. Nd4 Rc3 51. Nxc6 Bxc5 52. Nd8+
Kg7 53. Rd2 Be7 54. Ne6+ Kf7 55. Nd4 Bb4 56. Rc2 Rxc2+ 57. Nxc2 Bd2 58. Kf3 h4
59. Nd4 h3 60. Ne2 Be1 61. Nc1 Ke6 62. Nd3 Bh4 63. Nc5+ Kd6 64. Nd3 Kd5 65.
Nb4+ Kd6 66. Nd3 Kd5 67. Nb4+ Kc5 68. Nd3+ Kd4 69. Nb4 h2 70. Kg2 Bg3 71. Nc6+
Ke4 72. Ne5 g5 0-1

[Event "ENCI Limburg-open B"]
[Site "Maastricht"]
[Date "2009.05.30"]
[Round "2"]
[White "Hollands, Maxim"]
[Black "Van den Born, Ico"]
[Result "1-0"]
[WhiteElo "1748"]
[BlackElo "1876"]
[PlyCount "104"]
[EventDate "2009.05.29"]
[EventType "swiss"]
[EventRounds "7"]
[EventCountry "NED"]
[Source "P.Boonen"]
[SourceDate "2010.01.01"]

1. d4 Nf6 2. c4 g6 3. Nc3 d5 4. Bg5 Ne4 5. Be3 Nxc3 6. bxc3 dxc4 7. Qa4+ c6 8.
Qxc4 Nd7 9. g3 Nb6 10. Qd3 Bf5 11. Qd1 Bg7 12. Nf3 O-O 13. Bg2 Nc4 14. Bf4 Re8
15. Nh4 Bd7 16. Qd3 b5 17. Nf3 Qa5 18. O-O Rad8 19. Nd2 Nb2 20. Qc2 Na4 21.
Rac1 e5 22. Nb3 Qc7 23. Bd2 exd4 24. cxd4 Rxe2 25. Qd3 Rde8 26. Qxb5 cxb5 27.
Rxc7 Nb6 28. Bf3 Bxd4 29. Bxe2 Rxe2 30. Ba5 Bh3 31. Nxd4 Rxa2 32. Bxb6 Bxf1 33.
Rxa7 Rxa7 34. Bxa7 Bc4 35. Bc5 g5 36. f3 Kg7 37. Kf2 h5 38. Ke3 Kg6 39. Ke4 f6
40. f4 gxf4 41. Kxf4 Bd3 42. Bb4 Bf1 43. Nf3 Bd3 44. Nd2 Bc2 45. Bc3 Bd3 46.
Ne4 f5 47. Nd6 h4 48. gxh4 Kh5 49. Nxf5 Bxf5 50. Kxf5 Kxh4 51. Be5 b4 52. Ke4
Kh3 1-0

[Event "ENCI Limburg-open B"]
[Site "Maastricht"]
[Date "2009.05.30"]
[Round "2"]
[White "Klein, Gernot"]
[Black "Scholzen, Wolfgang"]
[Result "0-1"]
[WhiteElo "1891"]
[BlackElo "2028"]
[PlyCount "148"]
[EventDate "2009.05.29"]
[EventType "swiss"]
[EventRounds "7"]
[EventCountry "NED"]
[Source "P.Boonen"]
[SourceDate "2010.01.01"]

1. e4 e5 2. Nf3 Nc6 3. Bb5 a6 4. Ba4 Nf6 5. O-O b5 6. Bb3 Be7 7. Re1 d6 8. c3
O-O 9. h3 Na5 10. Bc2 c5 11. d4 Qc7 12. Nbd2 Bb7 13. d5 Bc8 14. Nf1 Bd7 15. b3
c4 16. b4 Nb7 17. N3h2 a5 18. Ng3 axb4 19. cxb4 Ra6 20. Nf5 Bxf5 21. exf5 Rfa8
22. a3 Nd8 23. Qf3 Qb7 24. Ng4 R8a7 25. Nxf6+ Bxf6 26. g4 Qe7 27. Qe3 h6 28.
Qe4 Kf8 29. Bb2 Bg5 30. Qf3 Bd2 31. Red1 Bf4 32. Bc1 Bxc1 33. Rdxc1 Qg5 34. Re1
Qd2 35. Re2 Qd4 36. Ree1 Qb2 37. Qe4 Rxa3 38. Rxa3 Rxa3 39. f6 gxf6 40. Kg2
Qxb4 41. Rd1 Qc3 42. Rh1 b4 43. Qf5 Ke7 44. Be4 Qd4 45. h4 Ra2 46. Rf1 Qe3 47.
Bb1 Rb2 48. Qc8 e4 49. Qc7+ Ke8 50. Qxc4 Qf3+ 51. Kh2 Rxf2+ 52. Rxf2 Qxf2+ 53.
Kh3 Qe3+ 54. Kg2 Qd2+ 55. Kh3 Qc3+ 56. Qxc3 bxc3 57. Bxe4 Nb7 58. Kg3 Na5 59.
Kf3 Nc4 60. Bc2 Na3 61. Bd3 c2 62. Bxc2 Nxc2 63. Ke4 Ke7 64. Kd3 Nb4+ 65. Kc4
Na6 66. Kb5 Nc5 67. Kc4 Ne4 68. Kd4 Nf2 69. g5 fxg5 70. Ke3 gxh4 71. Kxf2 Kf6
72. Kf3 Ke5 73. Kg4 Kxd5 74. Kxh4 Ke4 0-1

[Event "ENCI Limburg-open B"]
[Site "Maastricht"]
[Date "2009.05.30"]
[Round "2"]
[White "Klein, Leo"]
[Black "De Ridder, Dieter"]
[Result "1-0"]
[WhiteElo "2037"]
[BlackElo "1882"]
[PlyCount "71"]
[EventDate "2009.05.29"]
[EventType "swiss"]
[EventRounds "7"]
[EventCountry "NED"]
[Source "P.Boonen"]
[SourceDate "2010.01.01"]

1. d4 Nf6 2. c3 e6 3. Bf4 b6 4. Nd2 Ba6 5. Ngf3 Be7 6. Qc2 d5 7. Ne5 O-O 8. Nd3
c5 9. e3 Qc8 10. Be2 cxd4 11. exd4 Nc6 12. Rc1 Qb7 13. O-O Rac8 14. Qd1 Na5 15.
Re1 Nc4 16. Nf1 Ne4 17. f3 Nxb2 18. Nxb2 Nxc3 19. Bxa6 Qxa6 20. Qd3 Qxa2 21.
Nd1 Nxd1 22. Rexd1 Bf6 23. Ra1 Qb2 24. Rxa7 Rc2 25. Ne3 Rc1 26. Nf1 Rxd1 27.
Qxd1 Bxd4+ 28. Kh1 Qf2 29. Ng3 Rc8 30. Ra4 e5 31. Ne2 Bb2 32. Ra2 Bd4 33. Bg3
Qe3 34. Nxd4 Qxd4 35. Qxd4 Rc1+ 36. Qg1 1-0

[Event "ENCI Limburg-open B"]
[Site "Maastricht"]
[Date "2009.05.30"]
[Round "2"]
[White "Kuck, Ulrich"]
[Black "Kuciapa, Andre"]
[Result "1-0"]
[WhiteElo "1937"]
[BlackElo "1819"]
[PlyCount "57"]
[EventDate "2009.05.29"]
[EventType "swiss"]
[EventRounds "7"]
[EventCountry "NED"]
[Source "P.Boonen"]
[SourceDate "2010.01.01"]

1. d4 Nf6 2. Nf3 e6 3. e3 c5 4. Bd3 Nc6 5. O-O d5 6. b3 cxd4 7. exd4 Be7 8.
Nbd2 O-O 9. Bb2 Qc7 10. a3 a6 11. Ne5 b6 12. f4 Bb7 13. Qe2 b5 14. Rf3 Qb6 15.
c3 Rad8 16. Rh3 g6 17. g4 Kg7 18. g5 Nd7 19. Rxh7+ Kxh7 20. Qh5+ Kg7 21. Qh6+
Kg8 22. Nxg6 f5 23. Re1 Bxg5 24. Qh8+ Kf7 25. Qh7+ Kf6 26. fxg5+ Kxg5 27. Rxe6
Nf6 28. Nf3+ Kg4 29. Qh4+ 1-0

[Event "ENCI Limburg-open B"]
[Site "Maastricht"]
[Date "2009.05.30"]
[Round "2"]
[White "Loose, Rob"]
[Black "Reenaers, Johan"]
[Result "1-0"]
[WhiteElo "1857"]
[BlackElo "1776"]
[PlyCount "95"]
[EventDate "2009.05.29"]
[EventType "swiss"]
[EventRounds "7"]
[EventCountry "NED"]
[Source "P.Boonen"]
[SourceDate "2010.01.01"]

1. e4 c6 2. d4 d5 3. Nc3 dxe4 4. Nxe4 Bf5 5. Ng3 Bg6 6. h4 h6 7. Nf3 Nd7 8. h5
Bh7 9. Bd3 Ngf6 10. Bxh7 Nxh7 11. Qe2 e6 12. Bd2 Be7 13. O-O-O Nhf6 14. Kb1 Qb6
15. c4 a5 16. Rhe1 O-O-O 17. Rc1 Rhe8 18. c5 Qc7 19. Qc4 Nd5 20. Qa4 Nb4 21.
Bxb4 axb4 22. Qxb4 Nb8 23. Qa4 Bf6 24. Ne4 Be7 25. Ned2 Rd5 26. Nc4 Rxh5 27. g4
Rh3 28. Nfe5 f6 29. Nb6+ Qxb6 30. cxb6 fxe5 31. dxe5 Rf8 32. Rc2 Bh4 33. Qc4
Re8 34. a4 Rf3 35. Ree2 Bg5 36. a5 Rf4 37. Re4 Rf7 38. f4 Bd8 39. f5 Rfe7 40.
f6 gxf6 41. exf6 Rd7 42. Rxe6 Rf8 43. g5 hxg5 44. Qg4 Bxf6 45. Rce2 Bd8 46. Re8
Rf1+ 47. Ka2 Rf4 48. Rxd8+ 1-0